Seguridad vial (especial referencia a la reforma operada en el código penal mediante la ley orgánica 15/2007, de 30 de Noviembre) (Registro nro. 5893)

Detalles MARC
000 -Cabecera
Campo de control de longitud fija 01417aam a2200433 4500
005 - Fecha y hora de la última transacción
Campo de control 20250911143943.0
008 - Elementos de longitud fija--Información general
Campo de control de longitud fija 150521b2008 xxu||||| |||| 00| 0 spa d
020 ## - International Standard Book Number
Número Internacional Estándar del Libro (ISBN) 9788498761184
041 ## - Idioma
Código de idioma Español
082 ## - Clasificación Decimal Dewey
Número de clasificación 363.125 R577s
100 ## - Entrada principal--Autor personal
Nombre personal Rimo ,Alberto Alonso
9 (RLIN) 8909
100 ## - Entrada principal--Autor personal
Nombre personal Bertran Turch, Juan José
9 (RLIN) 8910
245 ## - Título propiamente dicho
Título Seguridad vial (especial referencia a la reforma operada en el código penal mediante la ley orgánica 15/2007, de 30 de Noviembre)
260 ## - Pie de imprenta
Lugar de publicación, distribución, etc. España
260 ## - Pie de imprenta
Nombre del editor, distribuidor, etc. Tirant lo Blanch
260 ## - Pie de imprenta
Fecha de publicación, distribución, etc. 2008
300 ## - Descripción física
Extensión 470 páginas
490 ## - Serie
Título de la Serie Investigación Criminal
650 ## - Materia general
Temática (materia general) SEGURIDAD VIAL
650 ## - Materia general
Temática (materia general) ACCIDENTES DE TRÁNSITO
650 ## - Materia general
Temática (materia general) PREVENCIÓN DE LOS ACCIDENTES DE TRÁNSITO
650 ## - Materia general
Temática (materia general) INTERVENCION EN LOS ACCIDENTES
650 ## - Materia general
Temática (materia general) PROCEDIMIENTO DE INVESTIGACIÓN
650 ## - Materia general
Temática (materia general) INTERVENCIÓN DE BOMBEROS
650 ## - Materia general
Temática (materia general) INVESTIGACIÓN DE CAUSAS
650 ## - Materia general
Temática (materia general) INFORMACIÓN DE ACCIDENTES DE TRANSITO
650 ## - Materia general
Temática (materia general) DELITOS CONTRA LA SEGURIDAD VIAL
650 ## - Materia general
Temática (materia general) PRUEBAS
650 ## - Materia general
Temática (materia general) PRESUNCIÓN DE INOCENCIA
650 ## - Materia general
Temática (materia general) CONDUCCIÓN TEMERARIA
650 ## - Materia general
Temática (materia general) PRUEBAS DE ALCOHOL
650 ## - Materia general
Temática (materia general) PRUEBA DE DROGAS
650 ## - Materia general
Temática (materia general) PRÁCTICA FORENSE
650 ## - Materia general
Temática (materia general) VALOR PROBATORIO
650 ## - Materia general
Temática (materia general) VALORACIÓN DE DANOS
650 ## - Materia general
Temática (materia general) RESPONSABILIDAD CIVIL
650 ## - Materia general
Temática (materia general) VEHÍCULOS OFICIALES EN ACCIDENTES DE TRÁNSITO
942 ## - Punto de acceso adicional KOHA
Tipo de ítem KOHA Libro
Fuente del sistema de clasificación o colocación Dewey Decimal Classification
Existencias
Signatura completa Código de barras Programa Académico Tipo de ítem
363.125 R577s 15007 Investigación Criminal Libro